Mercado y región (Record no. 161124)
[ view plain ]
| 000 -LEADER | |
|---|---|
| fixed length control field | 00918nam a22002177a 4500 |
| 005 - DATE AND TIME OF LATEST TRANSACTION | |
| control field | 20220316140622.0 |
| 008 - FIXED-LENGTH DATA ELEMENTS--GENERAL INFORMATION | |
| fixed length control field | 220316b co ||||| |||| 00| 0 spa d |
| 020 ## - INTERNATIONAL STANDARD BOOK NUMBER | |
| International Standard Book Number | 9789586604482 |
| 050 04 - LIBRARY OF CONGRESS CALL NUMBER | |
| Classification number | HF1040.9 .C7 |
| Item number | M47 2020 |
| 245 00 - TITLE STATEMENT | |
| Title | Mercado y región |
| Statement of responsibility, etc | / Blanca Ofelia Acuña Rodríguez, Olga Yanet Acuña Rodríguez, compiladores |
| 250 ## - EDITION STATEMENT | |
| Edition statement | 1a ed. |
| 260 ## - PUBLICATION, DISTRIBUTION, ETC. (IMPRINT) | |
| Place of publication, distribution, etc | Colombia, Tunja : |
| Name of publisher, distributor, etc | Universidad Pedagógica y Tecnológica de Colombia : Editorial UPTC, |
| Date of publication, distribution, etc | 2020. |
| 300 ## - PHYSICAL DESCRIPTION | |
| Extent | 212 p. ; |
| Dimensions | 23 cm. |
| 490 ## - SERIES STATEMENT | |
| Series statement | Colección Investigación Uptc ; |
| Volume number/sequential designation | no. 166. |
| 650 #7 - SUBJECT ADDED ENTRY--TOPICAL TERM | |
| Source of heading or term | Lemb |
| Topical term or geographic name as entry element | Productos comerciales |
| General subdivision | Historia |
| Chronological subdivision | Siglo XX-XXI |
| Geographic subdivision | Colombia |
| 650 #7 - SUBJECT ADDED ENTRY--TOPICAL TERM | |
| Source of heading or term | Lemb |
| Topical term or geographic name as entry element | Comercio |
| General subdivision | Historia |
| Chronological subdivision | Siglo XX-XXI |
| Geographic subdivision | Colombia |
| 650 #7 - SUBJECT ADDED ENTRY--TOPICAL TERM | |
| Source of heading or term | Lemb |
| Topical term or geographic name as entry element | Comercio |
| General subdivision | Historia |
| Chronological subdivision | Siglo XX |
| Geographic subdivision | México |
| 700 1# - ADDED ENTRY--PERSONAL NAME | |
| Personal name | Acuña Rodríguez, Blanca Ofelia. |
| Relator term | compiladora |
| 700 1# - ADDED ENTRY--PERSONAL NAME | |
| Personal name | Acuña Rodríguez, Olga Yanet |
| Relator term | compiladora |
| 942 ## - ADDED ENTRY ELEMENTS (KOHA) | |
| Source of classification or shelving scheme | Biblioteca del Cogreso de los Estados Unidos |
| Koha item type | Libro |
| Estado de pérdida | Fuente de clasificación | Estado del daño | No para préstamo | Ubicación permanente | Ubicación actual | Apartado o colección | Fecha de adquisición | Edición | Área del conocimiento | Total Checkouts | Clasificación | Código de Barras | Date last seen | Número de copia | Costo por reposición | Tipo de recurso |
|---|---|---|---|---|---|---|---|---|---|---|---|---|---|---|---|---|
| Biblioteca del Cogreso de los Estados Unidos | Biblioteca del Instituto de Investigaciones Históricas | Biblioteca del Instituto de Investigaciones Históricas | General | 16/03/2022 | 1a ed. | Ciencias Sociales y Administrativas | HF1040.9 .C7 M47 2020 | IIH000032166 | 16/03/2022 | C:1 | 1.00 | Libro | ||||
| Biblioteca del Cogreso de los Estados Unidos | Biblioteca del Instituto de Investigaciones Históricas | Biblioteca del Instituto de Investigaciones Históricas | General | 16/03/2022 | 1a ed. | Ciencias Sociales y Administrativas | HF1040.9 .C7 M47 2020 | IIH000032167 | 16/03/2022 | C:2 | 1.00 | Libro |